Sleep Token- Gethsamane - Statistics

General Stats
  • This quiz has been taken 95 times
  • The average score is 428 of 542
Answer Stats
Answer % Correct
a
100%
I
100%
to
100%
To
100%
when
100%
you
100%
You
100%
you,
100%
it
98%
It
98%
it,
98%
no
98%
No
98%
now,
98%
now
98%
other
98%
others
98%
the
98%
The
98%
we
98%
We
98%
were
98%
your
98%
Your
98%
And
96%
and
96%
and,
96%
be
96%
even
96%
know,
96%
know
96%
live
96%
my
96%
tell
96%
that
96%
that's
96%
thing
96%
was
96%
with
96%
bride,
94%
it's
94%
I've
94%
learned
94%
love
94%
me,
94%
me
94%
me?
94%
robot
94%
wanted
94%
who
94%
without
94%
companion,
92%
feel
92%
harlequin
92%
in
92%
longer
92%
never
92%
though
92%
trying
92%
best,
90%
touch
90%
wasted
90%
but
88%
But
88%
Except
88%
if
88%
listened
88%
lover,
88%
naked,
88%
saw
88%
surrounded
88%
undercover
88%
wouldn't
88%
colder
83%
go
83%
go"
83%
each
81%
for
81%
mirror
79%
on
79%
colour,
75%
Do
75%
hear
75%
like
75%
like,
75%
so
75%
all
73%
low
73%
wanna
73%
always
71%
What
71%
what
71%
didn't
69%
still
69%
Thought
69%
thought
69%
'Cause
67%
dream,
67%
good
67%
hurt
67%
let
67%
not
67%
oh
67%
put
67%
smoke
67%
team,
67%
used
67%
ash
65%
at
65%
Came
65%
cigarette
65%
down
65%
either
65%
end
65%
head
65%
heart
65%
I'm
65%
might
65%
Might
65%
way
65%
better
63%
clothes
63%
cryin'
63%
hurts
63%
journey
63%
nobody
63%
switch
63%
there
63%
blindfold
60%
blows
60%
just
60%
mind
60%
Someone
60%
start
60%
games
58%
into
58%
kill
58%
myself
58%
person
58%
stick
58%
tried
58%
turn
58%
up
58%
wasn't
58%
along
56%
back
56%
caught
56%
don't
56%
around,
54%
around
54%
clinging
54%
countdown
54%
got
52%
memories
52%
over
52%
push-pull
52%
waitin'
52%
from
50%
of
48%
of?
48%
save
48%
closer
46%
enemies
46%
get
46%
given
46%
one's
46%
parlour
46%
anything
44%
gonna
44%
own
44%
would've
44%
beside
42%
gun,
42%
this
42%
This
42%
come
40%
day
40%
different
40%
lights
40%
lose,
40%
energy
38%
few
38%
job
38%
karma,
38%
none
38%
Nothing
38%
pain
38%
see
38%
afraid
35%
ain't
35%
are
35%
bad
35%
name
35%
reminded
35%
(Reminded,
35%
reminded,
35%
reminded)
35%
talk
35%
throne
35%
calling
33%
problems,
33%
show
33%
will
33%
about
31%
constant
31%
made
31%
parasites
31%
same
31%
trauma,
31%
nightmares
27%
you're
27%
"Please
23%
favouritе
0%
thе
0%
No matching quizzes found
Score Distribution
Percent of People with Each Score
Percentile by Number Answered
Your Score History
You have not taken this quiz